000 00632nmm a2200229 a 4500
003 AR-BaBNM
005 20251128202833.0
008 104019s[200 ||||||||||||||000 | spa||
020 _a950-43-3668
040 _cAR-BaBNM
100 1 _aVillecco, Miguel Héctor
245 1 0 _aMil preguntas sobre historia
_bdesde el Big-Bang hasta el año 1500
260 _aBuenos Aires
_b[El autor]
_c[2000?]
300 0 _a180 p.
650 4 _aHISTORIA UNIVERSAL
650 4 _aHISTORIA CULTURAL
650 4 _aCUESTIONARIOS
650 4 _aENSENANZA DE LA HISTORIA
700 1 _aSinger de Villecco, Graciela
942 _cBK
998 _cLomberg
999 _c813
_d813